[Event "GER-chT U12"]
[Site "Magdeburg"]
[Date "2016.12.28"]
[Round "3.1"]
[White "Kosev, Momchil"]
[Black "Liebold, Aaron"]
[Result "1-0"]
[WhiteElo "1669"]
[BlackElo "1655"]
[PlyCount "111"]
[EventDate "2016.12.27"]
[EventType "team-swiss"]
[EventRounds "7"]
[EventCountry "GER"]
[SourceTitle "EXT 2018"]
[Source "ChessBase"]
[SourceDate "2017.10.13"]
[SourceVersion "1"]
[SourceVersionDate "2017.10.13"]
[SourceQuality "1"]
[WhiteTeam "Erfurt SK"]
[BlackTeam "Gera"]
[WhiteTeamCountry "GER"]
[BlackTeamCountry "GER"]

1. d4 Nf6 2. Nf3 e6 3. g3 d5 4. Bg2 Be7 5. 0-0 0-0 6. c4 c6 7. Qc2 b6 8. Rd1 Bb7 9. b3 Nbd7 10. Nc3 Rc8 11. e4 Nxe4 12. Nxe4 dxe4 13. Qxe4 Nf6 14. Qc2 Qc7 15. Bf4 Bd6 16. Bxd6 Qxd6 17. Rac1 Rfd8 18. Ne5 Qc7 19. Qe2 Qe7 20. Rd2 Kf8 21. Rcd1 Nd7 22. Nd3 Nf6 23. Nf4 c5 24. dxc5 Rxd2 25. Qxd2 Bxg2 26. Nxg2 Qxc5 27. Ne3 Ke7 28. Qd4 Qxd4 29. Rxd4 Rd8 30. Rxd8 Kxd8 31. f3 Kc7 32. Kf2 Kd6 33. Nc2 Nd7 34. Ke3 f6 35. Nd4 a6 36. h4 g6 37. Ke4 Nc5+ 38. Ke3 Nd7 39. a3 e5 40. Nc2 b5 41. Kd3 Nb6 42. Kc3 bxc4 43. bxc4 Kc5 44. Ne3 a5 45. g4 h6 46. h5 g5 47. Nf5 Nxc4 48. Nxh6 Nd6 49. Ng8 Kd5 50. Nxf6+ Ke6 51. Ne4 Nf7 52. Kc4 a4 53. Nc5+ Kf6 54. Nxa4 Nh6 55. Nc5 Nf7 56. Kd5 1-0